| 000 | 00535nam a2200205Ia 4500 | ||
|---|---|---|---|
| 003 | GCL | ||
| 008 | 140319s9999 xx 000 0 eng d | ||
| 020 | _a0855337192 | ||
| 040 |
_aGCL / _cGCL |
||
| 082 | 0 | 4 |
_a747.3 _bM C |
| 100 | 1 | _aMEGG-CARDIME CLIFLON | |
| 245 | 1 | 0 |
_aTHE CURTAIN BOOK / _cMEGG-CARDIME CLIFLON |
| 700 | 1 | _aPAINE - MELAINE | |
| 260 |
_a[S.N] : _bMITCHELL BEAZLEY ، _c1995 |
||
| 300 |
_a180 P ؛ _c30 cm. |
||
| 650 | 0 | 4 | _aINTERIOR DECORATION |
| 650 | 0 | 4 | _aCURTAINS |
| 650 | 0 | 4 | _aWINDOWS WALLS |
| 942 |
_2ddc _cBK |
||
| 999 |
_c14918 _d14918 |
||